000 00858nam a2200253Ia 4500
003 OSt
005 20220923211659.0
006 a|||||r|||| 00| 0
007 ta
008 220922b |||||||| |||| 00| 0 san d
024 _a42,619
037 _cTextual
040 _aARTS
_cARTS
_bsan
041 _2san
_asan
082 _aO15,2D40:g(NT), 152M4
100 _aपाण्डेय, श्यामारमण
245 0 _aकालिदास का नाट्य - कल्प
246 _aKālidās kā nāṭya - kalpa
260 _aपटना
_b अनुपम प्रकाशन
_c1984
300 _a596पृ0
_ccm.
650 _aहिन्दी साहित्य
_9156264
942 _hO15,2D40:g(NT), 152M4
_cTEXL
_2CC
999 _c302520
_d302520